000 00688cam a2200205 a 4500
001 000001553
005 20200929145622.0
008 801014m19691980ve 000 0 spa
040 _aDO-SdBNP
_cDLC
_dDLC
082 _a324
_bV458d
110 2 _aVenezuela. Consejo Supremo Electoral
_95100
245 1 0 _aDoctrina administrativa II.
260 _aCaracas, :
_bConsejo Supremo Electoral,
_c1969
_fTipografía Vargas
300 _a2 t. ;
_c24 cm.
500 _aIncluye otras ediciones de algunos volúmenes
500 _aLa biblioteca posee el tomo II
650 4 _aElecciones
_bLEGISLACIÓN
_zVenezuela
_95101
650 4 _aDoctrina venezolana
_95102
910 _aCatalogación por copia / LC
999 _c1455
_d1455